Every Wrestler to compete at WWE WrestleMania - Statistics

General Stats
  • This quiz has been taken 13,206 times
    4,208 since last reset
  • The average score is 168 of 499
Answer Stats
First WM Wrestler % Correct
I Hulk Hogan
89%
XX John Cena
87%
VII The Undertaker
85%
XXVI Cody Rhodes
83%
29 Seth Rollins
83%
13 The Rock
83%
XX Randy Orton
82%
XII Triple H
82%
32 Charlotte Flair
80%
29 Roman Reigns
80%
XXVIII (Kick-Off) Jey Uso
79%
VIII Ric Flair
79%
V Shawn Michaels
79%
XIV Kane
78%
XIX Rey Mysterio
78%
XII Stone Cold Steve Austin
78%
XIX Brock Lesnar
77%
23 CM Punk
77%
2000 Edge
77%
XXVIII (Kick-Off) Jimmy Uso
76%
38 (night 1) Dominik Mysterio
74%
XV The Big Show
74%
32 Becky Lynch
73%
XXVI The Miz
72%
2 Bret Hart
71%
29 Dean Ambrose
71%
VI Dusty Rhodes
71%
XXV Kofi Kingston
71%
XXX AJ Lee
70%
I Andre The Giant
70%
29 Big E
70%
III Bob Orton
70%
2000 Jeff Hardy
70%
X Mo
70%
X-7 Vince McMahon
70%
XX Batista
69%
32 Kevin Owens
69%
2000 Matt Hardy
69%
IX Rikishi
69%
XV Shane McMahon
69%
32 AJ Styles
68%
XXV Nikki Bella
68%
36 (night 2) Rhea Ripley
68%
XXVI Sheamus
68%
XXV Brie Bella
67%
XXVI Drew McIntyre
67%
XXX Bray Wyatt
66%
2000 Chris Jericho
66%
2000 Kurt Angle
66%
V Owen Hart
66%
32 Sami Zayn
66%
34 Stephanie McMahon
66%
2000 Christian
65%
XXVIII Daniel Bryan
65%
34 Finn Balor
65%
2 Randy Savage
65%
XXX Xavier Woods
65%
2000 Eddie Guerrero
64%
33 Bayley
61%
23 Ashley Massaro
60%
34 (Kick-Off) Liv Morgan
60%
38 (night 1) Logan Paul
60%
32 Sasha Banks
60%
22 Bobby Lashley
59%
2000 Chris Benoit
59%
39 (night 1) Iyo Sky
59%
X8 Lita
59%
13 Mick Foley
59%
V The Big Boss Man
59%
X8 Trish Stratus
59%
34 (Kick-Off) Bianca Belair
58%
39 (night 2) Gunther
58%
41 (night 1) Jacob Fatu
58%
XIV Mark Henry
58%
I Roddy Piper
58%
IV The Ultimate Warrior
58%
33 (Kick-Off) Braun Strowman
57%
2000 Bubba Ray Dudley
57%
37 (night 1) Damien Priest
57%
XI Diesel
57%
XIV Road Dogg
57%
34 Ronda Rousey
57%
XXVI Dolph Ziggler
56%
2000 D-Von Dudley
56%
IX Yokozuna
56%
34 Asuka
55%
13 Bradshaw
55%
XXX Naomi
55%
IX Razor Ramon
55%
2 Velvet McIntyre
55%
I Mr. T
54%
39 (night 2) Raquel Rodriguez
54%
XXVII Alberto Del Rio
53%
41 (night 2) Bron Breakker
53%
33 (Kick-Off) Chad Gable
53%
XIX Chavo Guerrero
53%
31 Luke Harper
53%
XXVI R-Truth
53%
X8 Spike Dudley
53%
III The Honky Tonk Man
53%
X8 Booker T
52%
31 (Kick-Off) Erick Rowan
52%
XII Goldust
52%
XL (night 2) LA Knight
52%
41 (night 2) Penta
52%
IV Ted DiBiase
52%
XXVI Ted DiBiase Jr.
52%
XXX (Kick-Off) Cesaro
51%
XX Goldberg
51%
XXVI Vickie Guerrero
51%
33 Alexa Bliss
50%
XXIV Beth Phoenix
50%
34 Shinsuke Nakamura
50%
X8 Rob Van Dam
49%
31 Rusev
49%
XXVII Wade Barrett
49%
2000 Chyna
48%
34 (Kick-Off) Dakota Kai
48%
XXIV John Morrison
48%
I Leilani Kai
48%
33 Nia Jax
48%
XIX Shelton Benjamin
48%
XXX Tamina Snuka
48%
23 Umaga
48%
XV X-Pac
48%
XXX Zack Ryder
48%
XXVII Michael Cole
47%
41 (night 1) Tiffany Stratton
47%
36 (night 2) Austin Theory
46%
XI Billy Gunn
46%
22 Carlito
46%
XXVII Jerry Lawler
46%
XXV Natalya
46%
23 The Great Khali
45%
XL (night 1) Jade Cargill
44%
XXX Jinder Mahal
44%
29 Ryback
44%
35 Aleister Black
43%
IV Ax
43%
23 MVP
43%
31 Paige
43%
I The Junkyard Dog
43%
XXVI Jack Swagger
42%
36 (night 2) Montez Ford
42%
I Ricky Steamboat
42%
35 Samoa Joe
42%
XXV Santino Marella
42%
XXVII Heath Slater
41%
2 Jake Roberts
41%
VI Jimmy Snuka
41%
35 (Kick-Off) Otis
41%
VIII Sid
41%
31 Sting
41%
2000 Albert
40%
36 (night 2) Angelo Dawkins
40%
32 Baron Corbin
40%
XI Bart Gunn
40%
VII Hawk
40%
2 Hilbilly Jim
40%
XL (night 2) Karrion Kross
40%
I King Kong Bundy
40%
22 Mickie James
40%
35 (Kick-Off) Nikki Cross
40%
41 (night 1) Rey Fenix
40%
VII Sgt. Slaughter
40%
2 Dynamite Kid
39%
39 (night 1) Erik
39%
XL (night 1) Johnny Gargano
39%
34 (Kick-Off) Kairi Sane
39%
33 Karl Anderson
39%
X8 Molly Holly
39%
V Arn Anderson
38%
22 Finlay
38%
XIV Hardcore Holly
38%
39 (night 1) Ivar
38%
IX Lex Luger
38%
X Mabel
38%
34 (Kick-Off) Mandy Rose
38%
XL (night 1) Pete Dunne
38%
XIV Scotty 2 Hotty
38%
XXX Sin Cara
38%
IV Bam Bam Bigelow
37%
2000 Crash Holly
37%
XXV Eve Torres
37%
IX Giant Gonzalez
37%
XL (night 1) Grayson Waller
37%
III Haiti Kid
37%
V Mr. Perfect
37%
XL (night 1) Tommaso Ciampa
37%
31 (Kick-Off) Adam Rose
36%
35 (Kick-Off) Andrade
36%
13 Faarooq
36%
IV Hacksaw Jim Duggan
36%
41 (night 2) Joe Hendry
36%
2 King Tonga
36%
XIV The Godfather
36%
VII Animal
35%
I Big John Studd
35%
X8 Diamond Dallas Page
35%
37 (night 1) Omos
35%
IV Paul Roma
35%
35 Ricochet
35%
XV Test
35%
37 (night 1) Bad Bunny
34%
31 (Kick-Off) Bo Dallas
34%
2 Bruno Sammartino
34%
39 (night 2) Chelsea Green
34%
2 Jim Neidhart
34%
41 (night 2) Lyra Valkyria
34%
XXV Michelle McCool
34%
I Paul Orndorff
34%
34 (Kick-Off) Sarah Logan
34%
32 Shaquille O'Neal
34%
I The Iron Sheik
34%
X-7 William Regal
34%
35 (Kick-Off) Zelina Vega
34%
XXX Eva Marie
33%
32 (Kick-Off) Kalisto
33%
33 Luke Gallows
33%
23 Mr. Kennedy
33%
34 (Kick-Off) Mustafa Ali
33%
IV Rick Rude
33%
IX Rick Steiner
33%
23 Sabu
33%
IX Scott Steiner
33%
23 Tommy Dreamer
33%
33 Carmella
32%
XXX Darren Young
32%
XIX Rhyno
32%
39 (night 2) Snoop Dogg
32%
XII Vader
32%
XII Ahmed Johnson
31%
IX Bob Backlund
31%
III Butch Reed
31%
XXX (Kick-Off) Curtis Axel
31%
XIV D'Lo Brown
31%
29 Fandango
31%
XXV Jillian Hall
31%
XXV Kelly Kelly
31%
XXVIII (Kick-Off) Primo
31%
XII Savio Vega
31%
33 Big Cass
30%
2 Davey Boy Smith
30%
I David Sammartino
30%
XXVII Ezekiel Jackson
30%
XXVII Justin Gabriel
30%
XI Lawrence Taylor
30%
I Matt Borne
30%
36 (night 1) Shayna Baszler
30%
IV Smash
30%
X8 The Hurricane
30%
23 The Sandman
30%
I Tito Santana
30%
XXX Titus O'Neil
30%
XX Torrie Wilson
30%
34 Bobby Roode
29%
VI Earthquake
29%
33 Enzo Amore
29%
33 (Kick-Off) Neville
29%
IV One Man Gang
29%
X-7 Raven
29%
V Terry Taylor
29%
XL (night 2) Akam
28%
IV Bad News Brown
28%
XXVIII (Kick-Off) Epico
28%
X8 Maven
28%
I Mike Rotundo
28%
XIV Sable
28%
2000 Tazz
28%
XXVIII (Kick-Off) Tyson Kidd
28%
V Bushwhacker Luke
27%
XIX Charlie Haas
27%
XXVIII David Otunga
27%
X-7 Doink the Clown
27%
X-7 Freebird Michael Hayes
27%
33 (Kick-Off) Jason Jordan
27%
XIV Ken Shamrock
27%
XXV Layla
27%
23 Melina
27%
38 (night 2) Pat McAfee
27%
XL (night 2) Rezar
27%
2 Terry Funk
27%
22 The Boogeyman
27%
2 The Fabulous Moolah
27%
33 (Kick-Off) Apollo Crews
26%
I Brutus Beefcake
26%
22 Chris Masters
26%
XXVI Evan Bourne
26%
XI Jeff Jarrett
26%
23 Marcus Cor Von
26%
V Marty Jannetty
26%
37 (night 2) Riddle
26%
XL (night 1) Tyler Bate
26%
34 (Kick-Off) Cedric Alexander
25%
IX Crush
25%
33 (Kick-Off) Curt Hawkins
25%
XXX Damien Sandow
25%
2 Dory Funk Jr.
25%
XIV Flash Funk
25%
XXIV Floyd Mayweather Jr.
25%
I Greg Valentine
25%
34 (Kick-Off) Kevita Devi
25%
XIV Miguel Perez Jr.
25%
34 (Kick-Off) Ruby Riott
25%
XL (night 1) Santos Escobar
25%
34 (Kick-Off) Sonya Deville
25%
XV Val Venis
25%
V Bushwhacker Butch
24%
22 Candice Michelle
24%
32 (Kick-Off) Lana
24%
VI Sherri Martel
24%
VIII Typhoon
24%
XIX Victoria
24%
XXV Alicia Fox
23%
XV Al Snow
23%
XIV Grandmaster Sexay
23%
XXV Maryse
23%
I Nikolai Volkoff
23%
I Special Delivery Jones
23%
IX Tatanka
23%
XX Ultimo Dragon
23%
35 (Kick-Off) Buddy Murphy
22%
2000 Dean Malenko
22%
36 (night 1) Elias
22%
X-7 Ivory
22%
2000 Perry Saturn
22%
III Rick Martel
22%
XX Stacy Keibler
22%
XX Tajiri
22%
XXX Brodus Clay
21%
38 (night 2) Johnny Knoxville
21%
III Koko B. Ware
21%
XXIV Maria
21%
33 (Kick-Off) Mojo Rawley
21%
VII Virgil
21%
35 Billie Kay
20%
2 George Steele
20%
III Harley Race
20%
XIV Steve Blackman
20%
32 Tyler Breeze
20%
31 (Kick-Off) Alex Riley
19%
XXX Cameron
19%
2 Don Muraco
19%
XI Eli Blu
19%
2 Hercules Hernandez
19%
XI Jacob Blu
19%
XX Jamie Noble
19%
X8 Jazz
19%
35 (Kick-Off) Michael Che
19%
XX Rene Dupree
19%
IV Sika
19%
XXVII Snooki
19%
XIV Taka Michinoku
19%
2000 The Kat
19%
IV Bobby Heenan
18%
34 (Kick-Off) Dash Wilder
18%
2000 Funaki
18%
XXV Gail Kim
18%
36 (night 2) Lacey Evans
18%
34 (Kick-Off) Peyton Royce
18%
34 (Kick-Off) Scott Dawson
18%
I Wendi Richter
18%
36 (night 2) Angel Garza
17%
I Barry Windham
17%
IV Dino Bravo
17%
III Jacques Rougeau
17%
VII Kerry Von Erich
17%
13 Mosh
17%
2 Pedro Morales
17%
IX Samu
17%
XXV Sunny
17%
35 (Kick-Off) Tucker
17%
X Alundra Blayze
16%
XX Billy Kidman
16%
X8 Chuck Palumbo
16%
34 (Kick-Off) Dana Brooke
16%
23 Elijah Burke
16%
35 (Kick-Off) Ember Moon
16%
X-7 Kamala
16%
XIV Marc Mero
16%
V Mr. Fuji
16%
34 Nicholas
16%
13 Phineas I. Godwinn
16%
38 (night 1) Rick Boogs
16%
XXV Tiffany
16%
XV Tori
16%
31 (Kick-Off) Viktor
16%
XXX Yoshi Tatsu
16%
33 (Kick-Off) Aiden English
15%
21 Akebono
15%
33 (Kick-Off) Austin Aries
15%
23 Kevin Thorn
15%
31 (Kick-Off) Konnor
15%
X Luna Vachon
15%
38 (night 2) Ridge Holland
15%
39 (night 2) Shotzi
15%
V The Barbarian
15%
V The Warlord
15%
13 Thrasher
15%
V Tully Blanchard
15%
X-7 Brother Love
14%
XIV Bull Buchanan
14%
XX Danny Basham
14%
X Dink the Clown
14%
XX Doug Basham
14%
13 Henry O. Godwinn
14%
2000 Pete Gas
14%
36 (night 2) Rob Gronkowski
14%
XXX Summer Rae
14%
IV Tama
14%
I The Executioner
14%
2 Tony Atlas
14%
2 B. Brian Blair
13%
VII Brian Knobbs
13%
36 (Night 1 K-O) Drew Gulak
13%
XX Garrison Cade
13%
XX Mark Jindrak
13%
23 Matt Striker
13%
22 Sharmell
13%
2 William Perry
13%
X Adam Bomb
12%
2 Adrian Adonis
12%
XX Akio
12%
XV Butterbean
12%
35 (Kick-Off) Candice LaRae
12%
21 Christy Hemme
12%
X-7 Duke Droese
12%
XXX Emma
12%
35 (Kick-Off) Gran Metallik
12%
VII Jerry Sags
12%
2 Jim Brunzell
12%
X-7 Jim Cornette
12%
35 (Kick-Off) Lince Dorado
12%
35 (Kick-Off) No Way Jose
12%
XX Nunzio
12%
III Raymond Rougeau
12%
XX Rob Conway
12%
2000 Terri
12%
X-7 The Gobbledy Gooker
12%
35 (Kick-Off) Tony Nese
12%
III Danny Davis
11%
35 (Kick-Off) EC3
11%
XX Jackie Gayda
11%
34 (Kick-Off) Mike Kanellis
11%
XXV Rosa Mendes
11%
XX Shannon Moore
11%
VIII Skinner
11%
X-7 The Goon
11%
34 (Kick-Off) Tye Dillinger
11%
XIV Aguila
10%
XXX Aksana
10%
35 (Kick-Off) Colin Jost
10%
2 Harvey Martin
10%
2000 Joey Abs
10%
VI Pat Tanaka
10%
2000 Rodney
10%
IV Ron Bass
10%
VI Sapphire
10%
IV Boris Zhukov
9%
XXX Brad Maddox
9%
VII Genichiro Tenryu
9%
2 George Welles
9%
31 (Kick-Off) Hideo Itami
9%
III Little Beaver
9%
XIV Ricky Morton
9%
V Ronnie Garvin
9%
33 (Kick-Off) Simon Gotch
9%
III Billy Jack Haynes
8%
XIV Chainz
8%
IV Ken Patera
8%
33 (Kick-Off) Killian Dain
8%
III Little Tokyo
8%
III Lord Littlebrook
8%
XXVIII Maria Menounos
8%
X Quebecer Pierre
8%
XIV Robert Gibson
8%
IV Sam Houston
8%
III Tom Zenk
8%
2 Uncle Elmer
8%
2 Corporal Kirchner
7%
2 Danny Spivey
7%
13 Doug Furnas
7%
IV Jim Powers
7%
XIV Jose Estrada Jr.
7%
XXV Joy Giovanni
7%
XXV Katie Lea Burchill
7%
X-7 Kim Chee
7%
13 Phil LaFon
7%
VI Sato
7%
XIV Sniper
7%
2 Bill Fralic
6%
2 Ernie Holmes
6%
XIV Jesus Castillo
6%
VII Koji Kitao
6%
2 Russ Francis
6%
34 (Kick-Off) Taynara Conti
6%
2 Ted Arcidi
6%
2 Jimbo Covert
5%
33 (Kick-Off) Tian Bing
5%
No matching quizzes found
Score Distribution
Percent of People with Each Score
Percentile by Number Answered
Your Score History
You have not taken this quiz since the last reset